Statistics for Famous People Named Robert

Click here to take the quiz!

General Stats

  • This quiz has been taken 29,902 times
    (14,573 since last reset)
  • The average score is 11 of 20

Answer Stats

ClueAnswer% Correct
JFK's brotherRobert Kennedy
97%
Most famous reggae musician everBob Marley
85%
Actor who played Iron ManRobert Downey Jr.
77%
"Meet the Parents" actorRobert de Niro
76%
Confederate Army commanderRobert E. Lee
66%
Actor who whispered to horsesRobert Redford
62%
Hey Mr. Tambourine man,
play a song for him
Bob Dylan
60%
Nonagenarian dictator of ZimbabweRobert Mugabe
60%
Led Scotland to independence from
England in the 1300s
Robert the Bruce
59%
"Treasure Island" authorRobert Louis
Stevenson
57%
Led Zeppelin singerRobert Plant
55%
Greatest chess player ever?Bobby Fischer
48%
1996 U.S. Presidential candidateBob Dole
44%
Singer formerly of "Take That"Robbie Williams
44%
Poet who took the road less traveledRobert Frost
44%
Scottish poet celebrated on the
night of January 25th
Robert Burns
43%
Hosted the Oscars 19 timesBob Hope
42%
"Full House" fatherBob Saget
39%
"Old Time Rock and Roll" singerBob Seger
32%
"Mack the Knife" singerBobby Darin
26%

Score Distribution

Percentile by Number Answered

Percent of People with Each Score

Your Score History

You have not taken this quiz since the last reset